000
00298 a2200157 4500
001
168645
020
_a
040
_c
Magnum
100
_a
Contos de Ouro
240
1
0
_a
Pinoquio
_l
por
245
1
0
_a
Pinoquio
362
0
_a
1899
440
1
_a
FTD
697
_a
IJ/FADAS, FANTASIA
942
_c
BK
999
_c
168645
_d
168645